| 000 -LEADER |
| fixed length control field |
00408nam a22000977a 4500 |
| 008 - FIXED-LENGTH DATA ELEMENTS--GENERAL INFORMATION |
| fixed length control field |
170626b xxu||||| |||| 00| 0 eng d |
| 100 ## - MAIN ENTRY--AUTHOR'S NAME |
| Author's Name |
Francois, L. |
| 245 ## - TITLE STATEMENT |
| Title |
Les Cachets et obliterations de la poste francaise aux Armees (1849-1870) |
| 260 ## - PUBLICATION, DISTRIBUTION, ETC. (IMPRINT) |
| Place of publication, distribution, etc. |
Amiens, [France] |
| Name of publisher, distributor, etc. |
Imprimerie Yvert & Cie |
| Date of publication, distribution, etc. |
1929 |
| 650 ## - TOPICAL TERM (Tag) |
| Topical term or geographic name |
France | Military Mail | 1849-1870 | 19th Century | Postal Markings | Postal History | Postal Service |